Регионална библиотека "Любен Каравелов" - Русе

Лъч светлина - озарението : роман (Запис номер 527133)

MARC детайли
000 -Лидер
Контролно поле с фиксирана дължина 00926nam a2200241 a 4500
003 - Код на организацията, давaща контролен номер
Контролно поле BLK
005 - Дата и час на последна редакция
Контролно поле 20250214145540.0
008 - Елементи от данни с фиксирана дължина
fixed length control field 220921b bu |||||r|||| 00| | bu d
020 ## - Международен стандартен номер на книга ISBN
Международен стандартен номер на книга ISBN 9786197725278
040 ## - Източник на каталожния запис
Идентификатор на билиотеката - собственик на записа BLK
041 ## - Код за език
Код за езика на текст/звукозапис или на отделно заглавие Български
Код за езика КДБФ Български
080 ## - УДК
Текстов определител УДК Българска литература
УДК код - определител по УДК 821.163.2
УДК определител -31
УДК - код + определител 821.163.2-31
100 ## - Редна дума - Автор
R(LIN) 1299
Автор Иванова-Бънкова, Стефанка
Авторска отговорност първи автор
139 ## - Редно поле
Редна дума Иванова-Бънкова, Стефанка,
245 ## - Сведения за заглавието
Заглавие Лъч светлина - озарението : роман
Редно поле (дума) Стефания
260 ## - Област на издателските данни
9 (RLIN) 215324
Място на издаване, разпространение и проч. Бургас
Име на издателя, разпространителя и проч. Информа принт
Година на издаване 2024
Издателство - префикс ISBN 978-954-92260- ; 978-954-8468-
300 ## - Физическа характеристика
Страници 168 с.
Размери/Мащаб 20 см
380 ## - Жанр
Жанр Худож. лит.
500 ## - Общи забележки
Забележка Стефания - псевд. на авт. Стефанка Иванова-Бънкова
852 ## - Местоположение
Форматна сигнатура Цб 326486
Фондова буква Хранилище
942 ## - АРТИКУЛИ
Вид на библиотечния материал Книги
Скрит в OPAC Не
Периодичен библиозапис Не
944 ## - СЪЗДАВАНЕ И РЕДАКЦИЯ на ЗАПИСА
Създаване/Редакция
Дата на регистрацията/редакция Иваничка Йорданова
Служител, извършил регистрацията/редакцията 30553
Статус, дата на статуса Иваничка Йорданова
999 ## - СИСТЕМНИ КОНТРОЛНИ НОМЕРА
Koha biblionumber 527133
Koha biblioitemnumber 527133
Наличности
Код за отписване Код за изгубен артикул Източник на класификационната схема Код за повреда Коз за рестрикции Код за отдаване Артикулен № Име на библиотеката - собственик Име на библиотеката, в която се намира в момента Статус (Текущо местоположение) Дата на вписване в системата Местоположение - отдел Цена в лева Инвентарен номер Систематично азбучна сигнатура Баркод Цена в евро Служебен тип на артикула
  Не е изгубен Universal Decimal Classification Не е повреден само за читалня ползва се в читалня 961194 Регионална библиотека "Любен Каравелов" Русе Регионална библиотека "Любен Каравелов" Русе Хранилище 2025-02-17 Хранилище 27.00 120000918221 Цб 326486 120000918221 13.80 Книги
Vip Innovations Ltd, Rousse, Bulgaria 2025